| 000 | 00701nam a22002177a 4500 | ||
|---|---|---|---|
| 999 |
_c14427 _d14427 |
||
| 003 | AR-CdUCM | ||
| 008 | 190423b ||||| |||| 00| 0 spa d | ||
| 020 | _a978-84-9825-716-8 | ||
| 040 |
_aMUNICIPALIDAD PROVINCIAL DEL CUSCO _cBIBLIOTECA MUNICIPAL DEL CUSCO |
||
| 082 |
_aPI / 376.1 / _bC29 |
||
| 110 |
_aCaterpilar Books _933188 |
||
| 245 | _aLos gritos de la jungla / | ||
| 260 |
_aBarcelona : _bCombel, _c2012. |
||
| 300 |
_a10 paginas ; _bIlustraciones, _c30 cm. |
||
| 500 | _aTitulo original :Noisy jungle | ||
| 650 |
_aGritos de la jungla _933189 |
||
| 650 |
_aCuentos de la jungla _933190 |
||
| 650 |
_aCuentos para niƱos (as) _933191 |
||
| 942 |
_2ddc _cLIBROS |
||
| 945 |
_awnts _d2019-04-23 |
||